000 00756nam a2200241Ia 4500
003 OSt
005 20220926010622.0
006 a|||||r|||| 00| 0
007 ta
008 220923b |||||||| |||| 00| 0 eng d
037 _cGeneral Book
040 _aRTL
_cRTL
_beng
041 _2eng
_aeng
082 _aY15-73(Q7).687.3M.N75<---M90, L9
100 _aStrobel Maragaret
_9312638
245 0 _aMuslim women in Mombasa, 1890-1975
260 _aNew Haven
_bYale University Press
_c1979
300 _axii,258p
_ccm.
500 _aBibliography: p 227-248; Appendix: p 221-226
650 _aMuslim Women
_926390
942 _hY15-73(Q7).687.3M.N75<---M90, L9
_cGB
_2CC
999 _c617779
_d617779